<?xml version="1.0" encoding="UTF-8"?>
<record
    xmlns:xsi="http://www.w3.org/2001/XMLSchema-instance"
    xsi:schemaLocation="http://www.loc.gov/MARC21/slim http://www.loc.gov/standards/marcxml/schema/MARC21slim.xsd"
    xmlns="http://www.loc.gov/MARC21/slim">

  <leader>01925nam a22003975a 4500</leader>
  <controlfield tag="001">1728213</controlfield>
  <controlfield tag="003">CO-MqBPB</controlfield>
  <controlfield tag="005">20221019102521.0</controlfield>
  <controlfield tag="008">220912s2021    ck     gr     000 f spa d</controlfield>
  <datafield tag="020" ind1=" " ind2=" ">
    <subfield code="a">9789585579880</subfield>
  </datafield>
  <datafield tag="040" ind1=" " ind2=" ">
    <subfield code="a">CO-MqBPB</subfield>
    <subfield code="b">spa </subfield>
    <subfield code="c">CO-MqBPB</subfield>
    <subfield code="e">rda</subfield>
  </datafield>
  <datafield tag="041" ind1="1" ind2=" ">
    <subfield code="a">spa </subfield>
    <subfield code="h">deu</subfield>
  </datafield>
  <datafield tag="043" ind1=" " ind2=" ">
    <subfield code="a">e-bu---</subfield>
  </datafield>
  <datafield tag="082" ind1="0" ind2="4">
    <subfield code="a">AC</subfield>
    <subfield code="b">CANv1 </subfield>
  </datafield>
  <datafield tag="100" ind1="1" ind2=" ">
    <subfield code="a">Canetti, El&#xFFFD;as, </subfield>
    <subfield code="d">1905-1994.</subfield>
  </datafield>
  <datafield tag="245" ind1="1" ind2="4">
    <subfield code="a">Las voces de Marrakesch ; el testigo oidor / </subfield>
    <subfield code="c">Elias Canetti ; traducci&#xF3;n de Juan Jos&#xE9; del Solar ; pr&#xF3;logo de Ignacio Echevarr&#xED;a.</subfield>
  </datafield>
  <datafield tag="260" ind1=" " ind2=" ">
    <subfield code="a">Primera Edici&#xF3;n</subfield>
  </datafield>
  <datafield tag="264" ind1=" " ind2="4">
    <subfield code="a">Bogot&#xE1; ,  Colombia : </subfield>
    <subfield code="b">Penguin Random House Grupo Editorial, </subfield>
    <subfield code="c">2021.</subfield>
  </datafield>
  <datafield tag="300" ind1=" " ind2=" ">
    <subfield code="a">222 p&#xE1;ginas ; </subfield>
    <subfield code="c">19 cm.</subfield>
  </datafield>
  <datafield tag="336" ind1=" " ind2=" ">
    <subfield code="a">texto </subfield>
    <subfield code="b">txt [</subfield>
    <subfield code="2">rdacontent]</subfield>
  </datafield>
  <datafield tag="337" ind1=" " ind2=" ">
    <subfield code="a">sin mediaci&#xFFFD;n </subfield>
    <subfield code="b">n [</subfield>
    <subfield code="2">rdamedia]</subfield>
  </datafield>
  <datafield tag="338" ind1=" " ind2=" ">
    <subfield code="a">volumen </subfield>
    <subfield code="b">nc [</subfield>
    <subfield code="2">rdacarrier]</subfield>
  </datafield>
  <datafield tag="490" ind1="1" ind2=" ">
    <subfield code="a">Colecci&#xFFFD;n Premios Nobel de Literatura ; </subfield>
    <subfield code="v">1981</subfield>
  </datafield>
  <datafield tag="490" ind1="1" ind2=" ">
    <subfield code="a">Debolsillo</subfield>
  </datafield>
  <datafield tag="520" ind1=" " ind2=" ">
    <subfield code="a">En esta edici&#xF3;n se han unido dos obras muy diversas pero hermanadas por un nexo com&#xFA;n: la capacidad de o&#xED;r y la fascinaci&#xF3;n por la lengua oral que ten&#xED;a el autor.

Las voces de Marrakesch (1954) es un espl&#xE9;ndido conjunto de &#xAB;apuntes despu&#xE9;s de un viaje&#xBB; por la ciudad marroqu&#xED;. El testigo oidor (1974) es un ins&#xF3;lito libro en el que Canetti regresa a la descripci&#xF3;n caracterol&#xF3;gica para regalarnos &#xAB;cincuenta caracteres&#xBB; que nos brindan una divertida lecci&#xF3;n de humanidad.</subfield>
  </datafield>
  <datafield tag="534" ind1=" " ind2=" ">
    <subfield code="p">T&#xFFFD;tulo original : </subfield>
    <subfield code="t">Die stimmen von marrakesch. Aufzeichnunge einer reise / der ohrenzeuge. F&#xFFFD;nfzig charactere.</subfield>
  </datafield>
  <datafield tag="650" ind1=" " ind2="4">
    <subfield code="a">Cuentos b&#xFFFD;lgaros.</subfield>
  </datafield>
  <datafield tag="650" ind1=" " ind2="4">
    <subfield code="a">Hambre</subfield>
    <subfield code="v"> Cuentos.</subfield>
  </datafield>
  <datafield tag="650" ind1=" " ind2="4">
    <subfield code="a">Amor</subfield>
    <subfield code="v"> Cuentos.</subfield>
  </datafield>
  <datafield tag="650" ind1=" " ind2="4">
    <subfield code="a">Fe</subfield>
    <subfield code="v"> Cuentos.</subfield>
  </datafield>
  <datafield tag="651" ind1=" " ind2="4">
    <subfield code="a">Marruecos</subfield>
    <subfield code="x"> Descripciones y viajes.</subfield>
  </datafield>
  <datafield tag="700" ind1="1" ind2=" ">
    <subfield code="a">Echevarr&#xFFFD;a, Ignacio, </subfield>
    <subfield code="d">1960-, </subfield>
    <subfield code="e">pr&#xFFFD;logo.</subfield>
  </datafield>
  <datafield tag="700" ind1="1" ind2=" ">
    <subfield code="a">Solar Bardelli, Juan Jos&#xFFFD; del, </subfield>
    <subfield code="d">1948-2014, </subfield>
    <subfield code="e">traducci&#xFFFD;n.</subfield>
  </datafield>
  <datafield tag="942" ind1=" " ind2=" ">
    <subfield code="c">BKLIT</subfield>
  </datafield>
  <datafield tag="949" ind1=" " ind2=" ">
    <subfield code="a">n     </subfield>
    <subfield code="b">n</subfield>
  </datafield>
  <datafield tag="999" ind1=" " ind2=" ">
    <subfield code="c">14508</subfield>
    <subfield code="d">14508</subfield>
  </datafield>
  <datafield tag="952" ind1=" " ind2=" ">
    <subfield code="0">0</subfield>
    <subfield code="1">0</subfield>
    <subfield code="2">ddc</subfield>
    <subfield code="4">0</subfield>
    <subfield code="7">0</subfield>
    <subfield code="8">LA</subfield>
    <subfield code="a">BPMOS</subfield>
    <subfield code="b">BPMOS</subfield>
    <subfield code="d">2022-10-19</subfield>
    <subfield code="e">Compra BPSJBM 2022</subfield>
    <subfield code="i">NT</subfield>
    <subfield code="l">0</subfield>
    <subfield code="o">AC CANv1 </subfield>
    <subfield code="p">MOS502672</subfield>
    <subfield code="r">2022-10-19</subfield>
    <subfield code="t">EJ. 1</subfield>
    <subfield code="w">2022-10-19</subfield>
    <subfield code="y">BKLIT</subfield>
    <subfield code="z">Quince d&#xED;as</subfield>
  </datafield>
</record>
